Fundamentals of Forest Soils (Record no. 31615)

MARC details
000 -LEADER
fixed length control field 00486nam a22001697a 4500
003 - CONTROL NUMBER IDENTIFIER
control field OSt
005 - DATE AND TIME OF LATEST TRANSACTION
control field 20220224143610.0
008 - FIXED-LENGTH DATA ELEMENTS--GENERAL INFORMATION
fixed length control field 220224b |||||||| |||| 00| 0 eng d
020 ## - INTERNATIONAL STANDARD BOOK NUMBER
International Standard Book Number 9788189304515
040 ## - CATALOGING SOURCE
Transcribing agency HU
082 ## - DEWEY DECIMAL CLASSIFICATION NUMBER
Classification number 634.928
100 ## - MAIN ENTRY--PERSONAL NAME
Personal name Mani, K..
9 (RLIN) 31572
245 ## - TITLE STATEMENT
Title Fundamentals of Forest Soils
Statement of responsibility, etc. Mani K.Santhi R.& Sellamuthu K.M
260 ## - PUBLICATION, DISTRIBUTION, ETC.
Place of publication, distribution, etc. Delhi-110033(India)
Name of publisher, distributor, etc. SATISH SERIAL PUBLISHING HOUSE
Date of publication, distribution, etc. 2008
300 ## - PHYSICAL DESCRIPTION
Extent ix,359 p
Other physical details hc
Dimensions 25
942 ## - ADDED ENTRY ELEMENTS (KOHA)
Source of classification or shelving scheme Dewey Decimal Classification
Koha item type Books like text book referance book
Suppress in OPAC No
Holdings
Withdrawn status Lost status Source of classification or shelving scheme Damaged status Not for loan Collection code Home library Current library Shelving location Date acquired Total Checkouts Full call number Barcode Date last seen Copy number Price effective from Koha item type
    Dewey Decimal Classification     Reference Wondo Genet Library Wondo Genet Library General Stacks 02/24/2022   634.928 MAN 2008 WGCFNRL00012121 02/24/2022 1 02/24/2022 Books like text book referance book
    Dewey Decimal Classification     Reference Wondo Genet Library Wondo Genet Library General Stacks 02/24/2022   634.928 MAN 2008 WGCFNRL00012122 02/24/2022 2 02/24/2022 Books like text book referance book